00474nam a2200157Ia 4500100003100000942000700031366000700038654001500045245004500060260004400105082001800149300000800167546001200175999001700187952011200204 aMurdick/ R.G/ Ross/Joel E  cBK f15 amanagement aInformation system for modern management bPrentice Hall of IndiaaNew Delhic1984 a658.4038bMUR a466 aENGLISH c32602d32602 001040708CRCaCRCEbCRCEd2023-03-17g212.50l0o658.4038 MURp15249r2023-03-17v250.00w2023-03-17yBK